Giant Word Ladder I Quiz Stats

 Plays Quiz Updated Aug 7, 2012

Support Sporcle.
Go Orange.
Score 0/30 Timer 05:00
27 Plays Today
Clue Word % Correct
What you're taking nowquiz
93.8%
Farm buildingbarn
79.5%
___ as a doornaildead
79.3%
Incinerateburn
77.1%
Cappuccino topperfoam
76.9%
Use a cell phone outside of your arearoam
76.9%
Pound sterlingquid
73.3%
500 sheets of paperream
72.7%
Unclothedbare
72.5%
Area between buildings on campusquad
72.5%
Fenway, e.g.park
71.9%
Invertturn
71.1%
Hang 10surf
70.5%
1040, W-2; or to shapeform
70.5%
What a gang protectsturf
70.4%
Clue Word % Correct
Peruseread
67.9%
How you feel now that you're donegood
63.8%
Confident, positive, or a deodorant brandSure
63.8%
Object with tinesfork
62.2%
Twosomeduad
61.7%
Andouille ingredientpork
59.9%
Auric elementgold
57.8%
Hang on to or a wrestling movehold
57%
Unadulteratedpure
56.8%
Trim offpare
54.3%
Humanitarian organizationCARE
49.5%
An informal term for a female student coed
46.2%
Tended the gardenhoed
45.5%
128 cubic feet of woodcord
42.1%
Cruxcore
39.9%

You're not logged in!

Compare scores with friends on all Sporcle quizzes.
OR
Log In

From the Vault

Children's Authors (A-Z)

by amazingjosh

These authors helped shape our childhood.
Remove Ads.
Support Sporcle.
Get the best of Sporcle when you Go Orange. This ad-free experience offers more features, more stats, and more fun while also helping to support Sporcle. Thank you for becoming a member.

Show Comments

Extras

Top Quizzes Today


Score Distribution

Your Account Isn't Verified!

In order to create a playlist on Sporcle, you need to verify the email address you used during registration. Go to your Sporcle Settings to finish the process.

Report this User

Report this user for behavior that violates our Community Guidelines.

Details: